| 000 | 00575nam a2200193Ia 4500 | ||
|---|---|---|---|
| 008 | 220501s2018 xx 000 0 eng d | ||
| 020 | _a9789387486768 | ||
| 082 | _a658.4013 PRO-B | ||
| 100 | _aProject Management Institute. | ||
| 245 | 0 |
_aBusiness analysis for practitioners : a practical guide _cProject Management Institute (PMI) |
|
| 260 |
_aNew Delhi _bViva Books _c2018 |
||
| 300 | _axix, 206p. | ||
| 650 | _aBusiness planning | ||
| 650 | _aManagement | ||
| 650 | _aOperations Management | ||
| 650 | _aProject management | ||
| 700 | _aPMI | ||
| 942 |
_2ddc _cBK _05 |
||
| 999 |
_c18419 _d18419 |
||